| 000 | 00546nam a2200181 a 4500 | ||
|---|---|---|---|
| 005 | 20140412111238.0 | ||
| 008 | 010531s19uu xx 00 eng d | ||
| 020 | _a0-307-30279-2 | ||
| 050 |
_aER _bBa23 1995 |
||
| 100 | _aSlate, Barbara | ||
| 245 |
_aBarbie: soccer coach / _cby Barbara Slate; illustrated by Art Ruiz, Nancy Stevenson and Josie Yee. |
||
| 260 |
_aNew York : _bA Golden Book, _c1995. |
||
| 300 | _a1v. (unp.) ; ill. | ||
| 440 | _aBarbie | ||
| 650 | _aSportmanship-Fiction | ||
| 650 | _aTeam player-Fiction | ||
| 999 |
_c102591 _d102591 |
||